Statistics for Slavic Countries From Richest To Poorest

Click here to take the quiz!

General Stats

  • This quiz has been taken 110 times
  • The average score is 11 of 13

Answer Stats

RankGDP per capita ($)Country% Correct
3343.714Czech Republic
97%
3443.206Slovenia
95%
4235.547Slovakia
93%
3937.323Poland
91%
4931.112Croatia
90%
5130.431Russia
86%
5625.847Bulgaria
82%
6621.387Montenegro
82%
6721.243Serbia
81%
6521.467Belarus
80%
7916.302Bosnia and Herzegovina
78%
9014.146Ukraine
78%
7418.069North Macedonia
77%

Score Distribution

Percentile by Number Answered

Percent of People with Each Score

Your Score History

You have not taken this quiz